[Event "Michigan Open Booster"]
[Site "Lansing, MI"]
[Date "2001.09.01"]
[Round "2.1"]
[White "Goetz, Robert"]
[Black "LaFerriere, Adam"]
[Result "1-0"]
[WhiteElo "1369"]
[BlackElo "1107"]
[PlyCount "120"]
[EventDate "2001.08.31"]

1. e4 Nf6 2. e5 Nd5 3. c4 Nb6 4. d4 d6 5. exd6 exd6 6. Be3 g6 7. Bd3 Bg7 8. Nc3
Nc6 9. d5 Ne5 10. Be2 O-O 11. Bd4 Nbxc4 12. Bxc4 Nxc4 13. Bxg7 Qe7+ 14. Nge2
Kxg7 15. Qd4+ Ne5 16. f4 Re8 17. fxe5 Qxe5 18. O-O b6 19. Qc4 Qe7 20. Nd4 a5
21. Nc6 Qe3+ 22. Rf2 Ba6 23. Qd4+ Kg8 24. Qxe3 Rxe3 25. Rd2 Rae8 26. Kf2 f5 27.
Nd4 R3e5 28. Nf3 R5e7 29. Re1 Rxe1 30. Nxe1 Re5 31. Nf3 Re8 32. Nd4 Kf7 33.
Ncb5 Bxb5 34. Nxb5 Re7 35. Rc2 Kf6 36. Nxc7 Ke5 37. Re2+ Kf6 38. Ne8+ Kf7 39.
Nxd6+ Kf6 40. Rxe7 Kxe7 41. Nb5 h6 42. a4 g5 43. Kf3 h5 44. b3 h4 45. g3 hxg3
46. Kxg3 Kf6 47. h4 gxh4+ 48. Kxh4 Ke5 49. d6 Ke6 50. Kg3 Kf6 51. Kf4 Ke6 52.
Kg5 Kd7 53. Kxf5 Kd8 54. Ke6 Ke8 55. d7+ Kd8 56. Nc3 b5 57. axb5 a4 58. Nxa4
Kc7 59. Ke7 Kb7 60. d8=Q Ka7 1-0

[Event "Michigan Open"]
[Site "Lansing, MI"]
[Date "2001.09.01"]
[Round "4.7"]
[White "Garrison, Ray"]
[Black "Ciaffone, Bob"]
[Result "1-0"]
[WhiteElo "1887"]
[BlackElo "2111"]
[Annotator "Bob Ciaffone"]
[PlyCount "76"]
[EventDate "2001.08.31"]

1. e4 c5 2. Nf3 d6 {Black has a Nadjorf in mind.} 3. Nc3 Nf6 {Either this or 3.
..a6 is necessary if Black wishes to preserve the option of playing the
Nadjorf Variation in case white plays 4.d4} 4. e5 $5 {White prefers to enter a
sideline rather than getting involved with a theoretical Nadjorf duel by 4.d4.}
dxe5 5. Nxe5 a6 {Not the only reasonable move, but a good one that prevents
Bb5 with trading and simplification to follow.} 6. a4 e6 $6 {Better is 6...Qc7
with easy equality.} 7. a5 $6 {Looks premature.} Bd7 $6 {Black does not mind
the possibility of Nxd7 getting white the bishop-pair, as the a5 pawn would
become very weak. However, white fails to oblige.} 8. d3 Nc6 9. Nc4 {The b6
square beckons.} Qc7 10. g3 Nd4 11. Bg2 Bc6 12. Bf4 Bxg2 $1 {Black boldly
sacrifices his queen for a bishop! Objectively, the sac is not enough to
equalize, but it is the only line of play to set white problems.} (12... Qd8 $6
13. O-O Bxg2 14. Kxg2 Nd7) 13. Bxc7 Rc8 $1 {Black will win the other bishop,
and be able to target the weakened white kingside with his minor pieces.} (
13... Bxh1 $2 14. Nb6) 14. Rg1 Bf3 15. Qd2 {15.Qb1! gets out of the way of the
potential fork on f3, and leads to a white advantage.} Rxc7 16. Qf4 e5 $1 {
White missed this shot. Now the white knight has to enter a deadly pin.} 17.
Nxe5 (17. Qxe5+ $2 Re7) 17... Bd6 18. Kd2 O-O 19. Rge1 Re7 20. Qxf3 $1 {Turn
about is fair play! White imitates his opponent and gives up his queen for two
minor pieces, which leaves him up a pawn.} Nxf3+ 21. Nxf3 Rfe8 22. Rxe7 Rxe7
23. Re1 $2 {This needlessly drops the a-pawn. The move 23. Ng5 keeps white on
top.} Rxe1 24. Kxe1 Bc7 25. Ne4 Nxe4 26. dxe4 Bxa5+ 27. Ke2 Kf8 28. Kd3 b5 29.
c4 $1 Ke7 30. Ne5 Bc7 31. Nc6+ Kd7 32. cxb5 axb5 33. Na7 c4+ 34. Kc3 (34. Kc2
b4 35. Nb5 Bb6) 34... Be5+ $4 (34... Ba5+ $1 35. Kc2 b4 36. Nb5 Bb6 {Black
would have been winning; now he is lost.}) 35. Kb4 Bxb2 36. Nxb5 Be5 37. Kxc4
h5 38. Kd5 Bb8 {White has a solid pawn advantage. The game went until move 99,
with white winning, but we will spare you the details.} 1-0

[Event "Michigan Open Booster"]
[Site "Lansing, MI"]
[Date "2001.09.01"]
[Round "2.22"]
[White "Finegold, Spencer"]
[Black "Cox, Daniel"]
[Result "1-0"]
[WhiteElo "1258"]
[BlackElo "883"]
[PlyCount "75"]
[EventDate "2001.08.31"]

1. d4 d5 2. c4 dxc4 3. e3 e6 4. Bxc4 Nf6 5. Nf3 Bd6 6. O-O O-O 7. Nc3 Nc6 8.
Bd2 a6 9. Rc1 b5 10. Bd3 Bb7 11. Ne4 Nxe4 12. Bxe4 Qd7 13. Qc2 Na5 14. Bxa5
Bxe4 15. Qxe4 Rac8 16. Ng5 f5 17. Qxe6+ Qxe6 18. Nxe6 Rf7 19. Rc6 Re7 20. d5 f4
21. Rfc1 Ree8 22. Nxc7 Bxc7 23. Rxc7 Ra8 24. exf4 h6 25. d6 Red8 26. d7 Rxd7
27. Rxd7 Kh7 28. g4 Re8 29. Rcc7 Rg8 30. Bc3 h5 31. Rxg7+ Rxg7 32. Rxg7+ Kh8
33. f5 b4 34. Bd4 b3 35. a3 a5 36. f6 hxg4 37. f7 g3 38. f8=Q# 1-0

[Event "Michigan Open"]
[Site "Lansing, MI"]
[Date "2001.09.01"]
[Round "1.21"]
[White "Finegold, Ben"]
[Black "Kriseler, Mark"]
[Result "1-0"]
[WhiteElo "2635"]
[BlackElo "1952"]
[PlyCount "31"]
[EventDate "2001.08.31"]

1. d4 d5 2. c4 e5 3. dxe5 d4 4. Nf3 Nc6 5. a3 Bg4 6. Nbd2 f6 7. exf6 Nxf6 8. g3
Be7 9. Bg2 d3 10. O-O dxe2 11. Qxe2 O-O 12. Qe3 Re8 13. Qb3 Na5 14. Qc3 Nc6 15.
b4 a6 16. Bb2 1-0

[Event "Michigan Open Booster"]
[Site "Lansing, MI"]
[Date "2001.09.01"]
[Round "3.12"]
[White "Fick II, Douglas"]
[Black "Smith, Tim"]
[Result "1-0"]
[WhiteElo "1065"]
[BlackElo "1260"]
[PlyCount "65"]
[EventDate "2001.08.31"]

1. e4 e5 2. Nf3 Nc6 3. Bc4 Nf6 4. d3 d5 5. exd5 Nxd5 6. O-O Bc5 7. Bd2 Bg4 8.
Nc3 Nf4 9. Bxf4 exf4 10. Re1+ Kd7 11. Bxf7 Qf6 12. Bd5 Rae8 13. Ne4 Qe7 14.
Nxc5+ Qxc5 15. Bxc6+ bxc6 16. Ne5+ Rxe5 17. Rxe5 Qxe5 18. Qxg4+ Kd6 19. d4 Qf6
20. Re1 c5 21. dxc5+ Kxc5 22. c3 Rd8 23. Qe2 Qf7 24. b4+ Kc6 25. Qa6+ Kd7 26.
Rd1+ Ke8 27. Rxd8+ Kxd8 28. Qxa7 Qd5 29. Qd4 Qxd4 30. cxd4 Kd7 31. Kf1 Kd6 32.
Ke2 Kc6 33. a4 1-0

[Event "Michigan Open Booster"]
[Site "Lansing, MI"]
[Date "2001.09.01"]
[Round "2.4"]
[White "Droge-Germain, Kurtis"]
[Black "Cowans, Winston"]
[Result "0-1"]
[WhiteElo "863"]
[BlackElo "1216"]
[PlyCount "68"]
[EventDate "2001.08.31"]

1. e4 d6 2. d4 Nf6 3. Nc3 c6 4. Nf3 g6 5. Bc4 Bg7 6. O-O O-O 7. Bg5 Bg4 8. h3
Bxf3 9. Qxf3 Qb6 10. e5 Qxd4 11. Bxf7+ Rxf7 12. exf6 exf6 13. Be3 Qb4 14. Ne4
d5 15. Nc5 Qxb2 16. Qe2 Qe5 17. f4 Qe7 18. f5 d4 19. fxg6 hxg6 20. Nxb7 Qxe3+
21. Qxe3 dxe3 22. Nd6 Rd7 23. Ne4 f5 24. Rae1 fxe4 25. Rf4 Na6 26. Rxe4 Nc5 27.
Rg4 Kh7 28. Rh4+ Kg8 29. Rg4 Rd6 30. Rc4 Ne6 31. g4 Rad8 32. Kg2 Rd2+ 33. Kf3
Bh6 34. Rxc6 Nd4+ 0-1

[Event "Michigan Open"]
[Site "Lansing, MI"]
[Date "2001.09.01"]
[Round "3.17"]
[White "Drake, Robert"]
[Black "Spooner, Frank"]
[Result "1/2-1/2"]
[WhiteElo "1869"]
[BlackElo "1736"]
[PlyCount "50"]
[EventDate "2001.08.31"]

1. e4 c5 2. d4 cxd4 3. c3 dxc3 4. Nxc3 e6 5. Nf3 a6 6. Bc4 Qc7 7. Bb3 Nc6 8.
O-O Nge7 9. Be3 Ng6 10. Rc1 Be7 11. Nd5 exd5 12. exd5 O-O 13. Re1 Bf6 14. Bd4
Qd8 15. dxc6 Bxd4 16. Qxd4 dxc6 17. Qe3 h6 18. Rcd1 Qf6 19. Qb6 Bg4 20. Rd3
Rae8 21. Rde3 Rxe3 22. Rxe3 Bxf3 23. Rxf3 Qe7 24. Qa5 Kh8 25. Re3 Qf6 1/2-1/2

[Event "Michigan Open"]
[Site "Lansing, MI"]
[Date "2001.09.01"]
[Round "2.7"]
[White "Drake, Robert"]
[Black "Carl, Kevin"]
[Result "0-1"]
[WhiteElo "1869"]
[BlackElo "2063"]
[PlyCount "86"]
[EventDate "2001.08.31"]

1. Nf3 g6 2. d4 Bg7 3. c4 Nf6 4. g3 d6 5. Nc3 O-O 6. Bg2 Nbd7 7. O-O e5 8. e4
c6 9. h3 Qb6 10. d5 cxd5 11. cxd5 Nc5 12. Nd2 Bd7 13. Nb3 Rac8 14. Be3 Ne8 15.
g4 Qd8 16. Nxc5 dxc5 17. Rc1 Nd6 18. Na4 b6 19. b3 f5 20. f3 Bb5 21. Re1 Bf6
22. Nc3 Bd7 23. Bf1 Bg5 24. Qd2 Bxe3+ 25. Qxe3 Qh4 26. Re2 f4 27. Qf2 Qxf2+ 28.
Rxf2 c4 29. bxc4 Nxc4 30. Bxc4 Rxc4 31. Ne2 Rfc8 32. Rxc4 Rxc4 33. Kg2 b5 34.
Ng1 b4 35. Rd2 a5 36. Kf2 a4 37. Ke1 a3 38. Rd1 Rc2 39. Ra1 Bb5 40. Rb1 Rb2 41.
Rc1 Rxa2 42. Rc5 Rb2 43. Rxb5 a2 0-1

[Event "Michigan Open"]
[Site "Lansing, MI"]
[Date "2001.09.01"]
[Round "3.13"]
[White "Dorrington, Eldon"]
[Black "Dodaj, Gjergj"]
[Result "0-1"]
[WhiteElo "1656"]
[BlackElo "1926"]
[PlyCount "86"]
[EventDate "2001.08.31"]

1. c4 Nf6 2. Nc3 e6 3. g3 c6 4. Bg2 d5 5. b3 Be7 6. Bb2 O-O 7. e3 Nbd7 8. Nge2
dxc4 9. bxc4 Ne5 10. O-O Nxc4 11. Bc1 e5 12. Qc2 Be6 13. f4 exf4 14. Nxf4 Qd7
15. Nxe6 Qxe6 16. Ne2 Ne5 17. Bb2 Rfd8 18. Nd4 Qc4 19. Qf5 Ng6 20. Rfc1 Qa4 21.
Qf1 Ba3 22. Rc4 Qa6 23. Bxa3 Qxa3 24. Qb1 Qe7 25. Rb4 Rd7 26. Nf5 Qe5 27. d4
Qc7 28. Qf1 Nd5 29. Rb3 Re8 30. Rab1 b5 31. Rc1 Qa5 32. Rxc6 a6 33. a3 Nb6 34.
Bh3 Ra7 35. Qc1 Ne7 36. Nxe7+ Raxe7 37. Qc5 Qe1+ 38. Bf1 Rxe3 39. Rxe3 Qxe3+
40. Kg2 Qe4+ 41. Kh3 Nd5 42. Qc2 Qf3 43. Qc1 Ne3 0-1

[Event "Michigan Open"]
[Site "Lansing, MI"]
[Date "2001.09.01"]
[Round "3.12"]
[White "Davidovich, Manis"]
[Black "Loo, James"]
[Result "1/2-1/2"]
[WhiteElo "1957"]
[BlackElo "1568"]
[PlyCount "116"]
[EventDate "2001.08.31"]

1. e4 c5 2. Nf3 d6 3. d4 cxd4 4. Nxd4 Nf6 5. Nc3 g6 6. Be2 Bg7 7. O-O O-O 8.
Nb3 Nc6 9. Bg5 Be6 10. Kh1 Rc8 11. f4 Qd7 12. Qe1 a6 13. Rd1 Qc7 14. f5 Bxb3
15. axb3 Ne5 16. Bd3 h6 17. Bxf6 Bxf6 18. Nd5 Qd8 19. Nxf6+ exf6 20. Qe3 Kg7
21. Rd2 g5 22. Rfd1 Rc6 23. Bc4 Qc7 24. Qe2 Nxc4 25. bxc4 Rxc4 26. c3 Re8 27.
Rd4 d5 28. Rxd5 Rcxe4 29. Qf1 Re2 30. R5d2 Qe5 31. h3 Qe3 32. Rd3 Qf2 33. Qxf2
Rxf2 34. b4 Rxf5 35. Rd7 Rb5 36. Rc7 b6 37. Rdd7 Rf8 38. Rd6 a5 39. Rcc6 axb4
40. cxb4 Rxb4 41. Rxf6 h5 42. Rxb6 Rxb6 43. Rxb6 f5 44. Kg1 Rf6 45. Rb5 Kg6 46.
Kf2 h4 47. Kf3 Rd6 48. Rb3 Kh5 49. Rb8 Rd3+ 50. Kf2 Kg6 51. Rb6+ Kh5 52. Rb8
Rd2+ 53. Kf3 g4+ 54. Kf4 Rf2+ 55. Ke5 Kg6 56. hxg4 Re2+ 57. Kf4 Re4+ 58. Kf3
Rxg4 1/2-1/2

[Event "Michigan Open Booster"]
[Site "Lansing, MI"]
[Date "2001.09.01"]
[Round "2.2"]
[White "Crist, Kevin"]
[Black "Mitchell, Dave"]
[Result "1/2-1/2"]
[WhiteElo "1135"]
[BlackElo "1295"]
[PlyCount "83"]
[EventDate "2001.08.31"]

1. d4 Nf6 2. Nf3 e6 3. Bg5 Be7 4. e3 b6 5. Bd3 Bb7 6. Nbd2 d6 7. O-O Nbd7 8. e4
O-O 9. e5 Nd5 10. Ne4 h6 11. Bxe7 Qxe7 12. exd6 cxd6 13. c3 Nf4 14. Re1 Nxd3
15. Qxd3 Nf6 16. Ng3 Qd7 17. Rad1 Rfe8 18. h3 Rac8 19. b3 Qc6 20. c4 d5 21. Ne5
Qc7 22. cxd5 Nxd5 23. Ne2 Nb4 24. Qd2 a5 25. Rc1 Qd6 26. Rxc8 Rxc8 27. Qf4 Qe7
28. Rc1 Rxc1+ 29. Nxc1 Nd5 30. Qg3 Qb4 31. Nf3 Qe7 32. Qb8+ Kh7 33. Nd3 f6 34.
Qg3 Ba6 35. Nf4 Nxf4 36. Qxf4 g5 37. Qe4+ Kg7 38. g4 Bb7 39. Qe3 Bd5 40. Ne1 b5
41. Nd3 Qa3 42. Nc1 1/2-1/2

[Event "Michigan Open Reserve"]
[Site "Lansing, MI"]
[Date "2001.09.01"]
[Round "1.28"]
[White "Cox, Nick"]
[Black "Lynem, Charles"]
[Result "0-1"]
[WhiteElo "1393"]
[BlackElo "1585"]
[PlyCount "116"]
[EventDate "2001.08.31"]

1. e4 e6 2. d4 d5 3. Nc3 Bb4 4. a3 Bxc3+ 5. bxc3 dxe4 6. Qg4 Nf6 7. Qxg7 Rg8 8.
Qh6 Nbd7 9. Bb2 c5 10. O-O-O cxd4 11. cxd4 Rg6 12. Qd2 Nb6 13. Ne2 Nbd5 14. Ng3
Bd7 15. Re1 Rc8 16. Nxe4 Bc6 17. Ng3 Qc7 18. Bd3 Rg8 19. f3 Nf4 20. Rd1 h5 21.
Rhg1 h4 22. Ne4 Nxd3+ 23. Qxd3 Nxe4 24. fxe4 Qf4+ 25. Qd2 Qxh2 26. g3 Qxd2+ 27.
Rxd2 Bxe4 28. Re2 Bd5 29. g4 h3 30. Rh2 Bg2 31. Rgxg2 hxg2 32. Rxg2 Ke7 33. c3
Rg6 34. Kd2 Rcg8 35. Ke3 Rxg4 36. Rf2 Rg2 37. c4 R8g3+ 38. Ke2 Rxf2+ 39. Kxf2
Rb3 40. Bc1 Rc3 41. Be3 Rxa3 42. d5 Rxe3 43. Kxe3 exd5 44. cxd5 Kd6 45. Ke4 a5
46. Kd4 b5 47. Ke4 a4 48. Kd4 f5 49. Ke3 Kxd5 50. Kf4 a3 51. Kxf5 a2 52. Kf4
a1=Q 53. Kf5 Qe1 54. Kf4 Ke6 55. Kf3 Kf5 56. Kg2 Kg4 57. Kh2 Kf3 58. Kh3 Qh1#
0-1

[Event "Michigan Open Reserve"]
[Site "Lansing, MI"]
[Date "2001.09.01"]
[Round "3.14"]
[White "Cox, Nick"]
[Black "Griffin, John"]
[Result "1/2-1/2"]
[WhiteElo "1393"]
[BlackElo "1561"]
[PlyCount "92"]
[EventDate "2001.08.31"]

1. e4 c5 2. Nf3 Nc6 3. d4 cxd4 4. Nxd4 e5 5. Nb5 d6 6. N1c3 a6 7. Na3 b5 8. Nd5
Nge7 9. Be3 Nxd5 10. Qxd5 Qc7 11. Be2 Be6 12. Qd2 Be7 13. O-O O-O 14. c3 f5 15.
f3 fxe4 16. fxe4 Rxf1+ 17. Rxf1 Rf8 18. c4 b4 19. Nc2 a5 20. b3 Qd8 21. Rd1 Bf7
22. Bf3 Qb8 23. Bg5 Bxg5 24. Qxg5 Qb6+ 25. Qe3 Qxe3+ 26. Nxe3 Nd4 27. Nf5 Nxf5
28. exf5 Rd8 29. Bd5 Kf8 30. Kf2 Bh5 31. Rd2 Ke7 32. h3 Be8 33. Kf3 g6 34. fxg6
Bxg6 35. g4 Rf8+ 36. Ke3 h6 37. Be4 Rf6 38. Bxg6 Rxg6 39. Rd5 h5 40. Rxa5 hxg4
41. hxg4 Rxg4 42. Rb5 Rg2 43. Rxb4 Rxa2 44. Rb7+ Kd8 45. b4 Kc8 46. Rb5 Kc7
1/2-1/2

[Event "Michigan Open Booster"]
[Site "Lansing, MI"]
[Date "2001.09.01"]
[Round "1.24"]
[White "Cox, Daniel"]
[Black "Smith, Tim"]
[Result "1-0"]
[WhiteElo "883"]
[BlackElo "1260"]
[PlyCount "86"]
[EventDate "2001.08.31"]

1. e4 e5 2. Nc3 Nf6 3. Nf3 Bc5 4. d4 Bxd4 5. Nxd4 exd4 6. Qxd4 Nc6 7. Qd1 O-O
8. Bd3 d5 9. O-O dxe4 10. Nxe4 Re8 11. Bg5 Ne5 12. Bxf6 gxf6 13. Re1 Bg4 14. f3
Qd4+ 15. Nf2 Bh5 16. c3 Qf4 17. Re4 Qh6 18. Bc2 f5 19. Rd4 Qe3 20. Qd2 Qxd2 21.
Rxd2 Rad8 22. Nd3 Nxd3 23. Bxd3 Re3 24. Rad1 Bg6 25. f4 Bh5 26. Kf2 Rde8 27.
Rc1 R8e7 28. Rcc2 Re1 29. Be2 R1xe2+ 30. Rxe2 Rxe2+ 31. Rxe2 Bxe2 32. Kxe2 Kf8
33. Ke3 Ke7 34. Kd4 Kd6 35. c4 c5+ 36. Kd3 Kc6 37. h3 h5 38. Ke3 Kd6 39. Kf3
Ke6 40. g4 fxg4+ 41. hxg4 hxg4+ 42. Kxg4 f5+ 43. Kg5 b6 1-0

[Event "Michigan Open Booster"]
[Site "Lansing, MI"]
[Date "2001.09.01"]
[Round "2.3"]
[White "Clark, Richard"]
[Black "Vasos, Brandon"]
[Result "1-0"]
[WhiteElo "1238"]
[BlackElo "1216"]
[PlyCount "79"]
[EventDate "2001.08.31"]

1. e4 e6 2. d4 d5 3. Nc3 Bb4 4. Bd3 Nf6 5. Bd2 c5 6. dxc5 Bxc5 7. e5 Nfd7 8.
Nf3 Qb6 9. O-O Nc6 10. Na4 Qc7 11. Nxc5 Nxc5 12. Bb5 Bd7 13. Bxc6 Bxc6 14. Re1
O-O-O 15. Be3 Ne4 16. Bxa7 b6 17. Nd4 Bd7 18. Bxb6 Qxb6 19. Rb1 Bb5 20. c3 Bc4
21. Qa4 Kc7 22. Rxe4 Ra8 23. Qb4 Qxb4 24. cxb4 dxe4 25. Rc1 Rxa2 26. h3 Rxb2
27. Rxc4+ Kb7 28. Nb5 Kb6 29. Nd6 h6 30. Rxe4 Rd8 31. Nc4+ Kb5 32. Nxb2 Rd2 33.
Nc4 Rd1+ 34. Kh2 Rf1 35. f3 Kc6 36. Nd6 f5 37. Rd4 Re1 38. Nf7 Ra1 39. Rd6+ Kb5
40. Rxe6 1-0

[Event "Michigan Open Reserve"]
[Site "Lansing, MI"]
[Date "2001.09.01"]
[Round "3.1"]
[White "Christiansen, Jeremy"]
[Black "Sobh, Hassan"]
[Result "0-1"]
[WhiteElo "1613"]
[BlackElo "1788"]
[PlyCount "56"]
[EventDate "2001.08.31"]

1. e4 e5 2. Nf3 Nc6 3. Bb5 a6 4. Ba4 Nf6 5. d4 exd4 6. O-O Be7 7. e5 Nd5 8. Re1
Nb6 9. Bb3 O-O 10. Nxd4 Na5 11. Nc3 d6 12. exd6 Bxd6 13. Ne4 Be7 14. c3 Nxb3
15. Qxb3 c5 16. Nf3 Qc7 17. Bg5 Be6 18. Qc2 f6 19. Nxf6+ gxf6 20. Rxe6 fxg5 21.
Qb3 Bd8 22. Rae1 c4 23. Qc2 Nd5 24. Qe4 Nf4 25. Rh6 Bf6 26. Rxf6 Rxf6 27. Nxg5
h6 28. Nf3 Re6 0-1

[Event "Michigan Open Reserve"]
[Site "Lansing, MI"]
[Date "2001.09.01"]
[Round "2.5"]
[White "Christiansen, Jeremy"]
[Black "Cepeda, Diego"]
[Result "1-0"]
[WhiteElo "1613"]
[BlackElo "1532"]
[Annotator "Jeff Aldrich"]
[PlyCount "63"]
[EventDate "2001.08.31"]

{Irregular King's Pawn: Owen This game is a good example of fighting on
opposite theaters of battle. When the board is divided, white plays where his
piece are strong. Black does not manage to get this going in his area of
strength and leaves his king exposed in the center. The rest is
self-explanatory.} 1. e4 e6 2. d4 b6 {An unusual opening intended to get white
off his game. Black attacks the center indirectly with pieces instead of
directly with pawns. The problem with this is that black is at an immediate
disadvantage if white know what to do.} 3. Nf3 Bb7 4. Bd3 c5 5. c3 Nf6 6. Qe2 {
A good, flexible move that delays the development of the queen-side pieces
until white knows more about where the game is headed.} Qc7 7. O-O d5 8. e5 {
Dividing the board in half. White's play will be on the king-side and black's
play will be on the queen-side.} Nfd7 ({A little restricting. Where is this
knight going to go from here? Interesting is} 8... Ne4 {invading white's space.
}) 9. Ng5 Nc6 10. Qh5 {Just to provoke a weakness.} g6 11. Qf3 Nd8 12. Qe2 Bg7
13. f4 h6 14. Nf3 Nc6 15. Be3 Ne7 16. Nbd2 c4 17. Bc2 a5 {In spite of the
advanced pawns on the queen-side, black really should castle in that direction
where his pieces control the board. The king is still vulnerable in the center.
} 18. a4 Ba6 19. g4 Qb7 $6 {Maybe, to support the b5 push? I don't know.} 20.
Nh4 h5 21. f5 gxf5 22. gxf5 Rg8 23. Kf2 exf5 24. Nxf5 Nxf5 25. Bxf5 Rh8 26. Rg1
Bf8 27. Nf3 Be7 28. Ng5 {The last several moves were played on the king-side,
where white was in a much better position to play. It is important to know
when to play to the strength of the position.} Bxg5 29. Bxg5 Kf8 {DIAGRAM Look
at black's remaining bishop, might as well take it off the board. And that
knight never did find anywhere else to go. Black's pieces are the definition
of uncoordinated. White's active bishops will help finish black off.} 30. e6
Re8 31. e7+ Kg7 32. Bh4+ 1-0

[Event "Michigan Open"]
[Site "Lansing, MI"]
[Date "2001.09.01"]
[Round "2.1"]
[White "Chobanyan, Sergei"]
[Black "Davidovich, Manis"]
[Result "1-0"]
[WhiteElo "2286"]
[BlackElo "1957"]
[PlyCount "111"]
[EventDate "2001.08.31"]

1. e4 c5 2. Nc3 Nc6 3. f4 g6 4. Nf3 Bg7 5. d3 d6 6. Be3 e6 7. g3 Nge7 8. Bg2
O-O 9. O-O Rb8 10. Kh1 b5 11. d4 b4 12. Ne2 d5 13. exd5 Nxd5 14. Bg1 Ba6 15.
Re1 Qa5 16. a3 Bxe2 17. Rxe2 cxd4 18. Nxd4 Nxd4 19. Bxd4 Rfd8 20. axb4 Qxb4 21.
c3 Qc4 22. Ra4 Qb3 23. Qxb3 Rxb3 24. Bxd5 Rxd5 25. Bxg7 Kxg7 26. Rxa7 Rd1+ 27.
Kg2 Kf6 28. Rc2 Rb1 29. Ra2 Ke7 30. Rd2 Rb7 31. Kf2 Rh1 32. Ke3 Re1+ 33. Re2
Rd1 34. b4 Rc7 35. Rac2 f5 36. c4 Rb1 37. b5 Kd6 38. Kd4 Rb3 39. c5+ Ke7 40.
Kc4 Rb1 41. c6 Rc8 42. Red2 h6 43. Kc5 g5 44. b6 gxf4 45. gxf4 Ra8 46. c7 Ra5+
47. Kc6 Rab5 48. c8=Q Rxb6+ 49. Kc5 R1b5+ 50. Kd4 Rb4+ 51. Ke3 Re4+ 52. Kf3
Rb3+ 53. Rc3 Rbb4 54. Rd7+ Kf6 55. Qf8+ Kg6 56. Qf7# 1-0

[Event "Michigan Open Reserve"]
[Site "Lansing, MI"]
[Date "2001.09.01"]
[Round "2.6"]
[White "Choate, Eric"]
[Black "Sundeen, David"]
[Result "1/2-1/2"]
[WhiteElo "1370"]
[BlackElo "1612"]
[PlyCount "90"]
[EventDate "2001.08.31"]

1. e4 Nc6 2. Nf3 d6 3. h3 Nf6 4. Nc3 a6 5. Bc4 h6 6. O-O e5 7. d3 Na5 8. Bb3
Nxb3 9. axb3 Be6 10. Nh2 Be7 11. f4 exf4 12. Bxf4 Qd7 13. Kh1 g5 14. Be3 O-O-O
15. Qe2 c5 16. Bg1 h5 17. e5 Nd5 18. exd6 Bxd6 19. Ne4 Be7 20. Bxc5 Nf4 21. Qd2
Bd5 22. Bxe7 Qxe7 23. Rae1 Kb8 24. Qf2 Qc7 25. Nf3 g4 26. Nh4 Ng6 27. Nxg6 fxg6
28. Qf4 gxh3 29. Qxc7+ Kxc7 30. gxh3 Rde8 31. Kh2 Rhf8 32. Kg3 Rxf1 33. Rxf1
Bxe4 34. dxe4 Rxe4 35. Rf7+ Kc8 36. Kf2 Re6 37. c3 Rb6 38. b4 a5 39. Rf4 Kd7
40. Ke3 Ke6 41. h4 Rb5 42. Re4+ Kf6 43. Rf4+ Ke6 44. Re4+ Kf6 45. Rf4+ Ke6
1/2-1/2

[Event "Michigan Open Reserve"]
[Site "Lansing, MI"]
[Date "2001.09.01"]
[Round "3.12"]
[White "Carr, Jay"]
[Black "Kieliszewski, Greg"]
[Result "0-1"]
[WhiteElo "1600"]
[BlackElo "1394"]
[Annotator "Jeff Aldrich"]
[PlyCount "74"]
[EventDate "2001.08.31"]

{English: Carls (Smyslov) Black finds a nice combination:} 1. c4 e5 2. Nc3 Nf6
3. g3 Bb4 4. Bg2 Nc6 5. e3 O-O 6. Nge2 a6 ({This move is a liitle slow, book
is either} 6... d6 {or}) (6... Re8) 7. O-O d6 8. d4 Re8 9. d5 Ne7 10. e4 Bc5
11. h3 h6 12. Kh2 Nh7 13. f4 exf4 14. Bxf4 Ng6 15. Bd2 Ne5 16. b3 Bd7 17. Nf4
b5 18. Qc2 b4 $6 ({Why not} 18... bxc4 19. bxc4 Nxc4 {winning a pawn.}) 19.
Nce2 a5 20. Nd3 Nf6 ({Black is probably better off keeping his bishop with} 
20... Nxd3 21. Qxd3 Nf6 {but I guess things worked out OK anyway.}) 21. Nxc5
dxc5 22. Rf2 $2 {Planning t o double the rooks on the f-file. A good idea, but
black has a tactical answer. DIAGRAM Find the shot for black.} Nfg4+ $1 23.
hxg4 Nxg4+ 24. Kg1 Nxf2 25. Kxf2 Qf6+ $1 {And this is what makes it decisive.
Black picks off the other rook, winning the double exchange.} 26. Bf4 Qxa1 27.
Bxc7 a4 28. Nc1 axb3 29. Nxb3 Qxa2 30. Qxa2 Rxa2+ 31. Kg1 Rxg2+ 32. Kxg2 Rxe4
33. Nxc5 Rxc4 34. Bb6 b3 35. Nxd7 b2 36. Nf6+ gxf6 37. d6 b1=Q 0-1

[Event "Michigan Open"]
[Site "Lansing, MI"]
[Date "2001.09.01"]
[Round "3.4"]
[White "Carl, Kevin"]
[Black "Calton, Bill"]
[Result "1/2-1/2"]
[WhiteElo "2063"]
[BlackElo "2230"]
[PlyCount "77"]
[EventDate "2001.08.31"]

1. e4 d5 2. exd5 Nf6 3. Nf3 Nxd5 4. d4 g6 5. Be2 Bg7 6. O-O O-O 7. c4 Nb6 8.
Nc3 Nc6 9. Be3 e5 10. dxe5 Nxe5 11. Nxe5 Bxe5 12. c5 Qxd1 13. Rfxd1 Nd7 14. Rd2
c6 15. Rad1 Nf6 16. h3 Be6 17. Bf3 Rfe8 18. Bd4 Bxd4 19. Rxd4 Re7 20. b4 a6 21.
a3 Kg7 22. g4 h6 23. Kg2 Rae8 24. R1d2 Rf8 25. Kg3 Rfe8 26. Rd8 Kf8 27. h4 Rc7
28. g5 Rxd8 29. Rxd8+ Ke7 30. Rd4 hxg5 31. hxg5 Ne8 32. Be4 Ng7 33. Ne2 Bf5 34.
Nf4 Rc8 35. Bf3 Rh8 36. a4 Bc2 37. Bg4 Bf5 38. Bf3 Bc2 39. Bg4 1/2-1/2